|
|
|
|
| LEADER |
00000nam0a2200000 4500 |
| 001 |
353938 |
| 005 |
20231102010636.0 |
| 035 |
|
|
|a (RuTPU)RU\TPU\retro\11196
|
| 090 |
|
|
|a 353938
|
| 100 |
|
|
|a 20200608d1972 km y0rusy50 ca
|
| 101 |
0 |
|
|a rus
|
| 102 |
|
|
|a UA
|
| 105 |
|
|
|a a z 001zy
|
| 200 |
1 |
|
|a Контроль и регулирование параметров производственных процессов
|f Киевский институт автоматики ; под ред. П. П. Тартаковского
|
| 210 |
|
|
|a Киев
|c Наукова думка
|d 1972
|
| 215 |
|
|
|a 132 с.
|c ил.
|
| 320 |
|
|
|a Библиогр. в конце гл.
|
| 606 |
1 |
|
|a Производственный цикл
|2 stltpush
|3 (RuTPU)RU\TPU\subj\51982
|9 70481
|
| 606 |
1 |
|
|a Сталеплавильное производство
|x Организация труда
|2 stltpush
|3 (RuTPU)RU\TPU\subj\56165
|9 74079
|
| 610 |
1 |
|
|a производственные процессы
|
| 610 |
1 |
|
|a регулирование
|
| 610 |
1 |
|
|a контроль
|
| 610 |
1 |
|
|a автоматическое управление
|
| 610 |
1 |
|
|a системы автоматического контроля
|
| 610 |
1 |
|
|a тензометрические приборы
|
| 610 |
1 |
|
|a следящие системы
|
| 610 |
1 |
|
|a оптические датчики
|
| 610 |
1 |
|
|a контроль качества
|
| 675 |
|
|
|a 658.513
|v 4
|
| 675 |
|
|
|a 669.18:65
|v 4
|
| 702 |
|
1 |
|a Тартаковский
|b П. П.
|4 340
|
| 712 |
0 |
2 |
|a Киевский институт автоматики
|2 stltpush
|3 (RuTPU)RU\TPU\col\15683
|9 26224
|
| 801 |
|
1 |
|a RU
|b 63413507
|c 20200608
|
| 801 |
|
2 |
|a RU
|b 63413507
|c 20210217
|g RCR
|
| 942 |
|
|
|c BK
|